Synergetické aspekty jazykovedy

Bibliographic Details
Main Authors: Köhler, Reinhard (Author), Altmann, Gabriel, 1931-2020 (Author)
Format: Article
Language:Slovak
PhysicalDescription:Lit. 31 zázn. v angl., nem., ruš.
Subjects:

MARC

LEADER 00000nab a2200000 a 4500
001 vtls000437709
003 SK-MaSNL
005 20260305002420.0
008 250424c1991 xo 0 slo
015 |a SNBRB19rr/mm-uuuuu 
035 |a CL0437837 
035 |a (urnnbn)urn:nbn:sk:snk:ar-00697x 
035 |a (uuid)4e53844a-a3d5-49de-87dd-35197f32a8c3 
035 |a urn:nbn:sk:snk-ab84mr 
040 |a SNKBUCL  |b slo  |c SNKBUCL  |e AACR2 
041 0 |a slo 
044 |a xo  |c SK 
080 |a 800.1  |2 1981 
100 1 |a Köhler, Reinhard  |4 aut  |9 1488603 
245 1 0 |a Synergetické aspekty jazykovedy  |c Reinhard Köhler, Gabriel Altmann 
300 |b Lit. 31 zázn. v angl., nem., ruš. 
650 0 7 |a lingvistika  |2 snkbucl  |9 860 
655 7 |a články z novín a časopisov  |2 snkbucl  |9 267496 
700 1 |a Altmann, Gabriel,  |d 1931-2020  |4 aut  |9 105479 
773 0 |t Jazykovedný časopis  |g Roč. 42, č. 1 (1991), s. 3-14 
850 |a Slovenská národná knižnica 
852 |a Slovenská národná knižnica 
954 |a odborná, vedecká literatúra pôvodná (slovenská)  |2 lita 
958 |a article9 
958 |a OND 
958 |a NB 
958 |a RK 
958 |a EUIPO 
992 |a RBX 
999 |c 3225413  |d 3227343